000 00517nam a2200181Ia 4500
003 GCL
005 20240530104239.0
008 140319s9999 xx 000 0 ara d
040 _aGCL /
_cGCL
082 0 4 _a921.1
_bم ا
100 1 _aمحمد طه الحاجرى
245 1 0 _aابن خلدون بين حياة العلم ودنيا السياسة /
_cمحمد طه الحاجرى
300 _a270 ص
490 _a100 قصة
_v0
650 0 4 _aالتراجم
650 0 4 _aابن خلدون
942 _2ddc
_cBK
999 _c45837
_d45837